Top 30 Ballon d'Or : 2025 - Statistiques

Statistiques générales
  • Ce quiz a été pris 91 fois
  • Le résultat moyen est 22 sur 30
Statistiques - réponses
Classement Pays Club Joueur % Correct
#7 FRA REAL MADRID Kylian Mbappé
98%
#1 FRA PSG Ousmane Dembélé
98%
#2 ESP BARCELONE Lamine Yamal
97%
#3 POR PSG Vitinha
95%
#6 MAR PSG Achraf Hakimi
93%
#9 ITA PSG Gianluigi Donnarumma
86%
#4 EGY LIVERPOOL Mohamed Salah
86%
#14 FRA PSG Désiré Doué
85%
#10 POR PSG Nuno Mendes
85%
#19 POR PSG Joao Neves
83%
#11 ESP BARCELONE Pedri
83%
#5 BRE BARCELONE Raphinha
83%
#13 ANG BAYERN MUNICH Harry Kane
81%
#26 NOR MAN CITY Erling Haaland
76%
#8 ANG CHELSEA Cole Palmer
75%
#23 ANG REAL MADRID Jude Bellingham
73%
#16 BRE BRE Vinicius Jr
73%
#17 POL BARCELONE Robert Lewandowski
68%
#24 ESP PSG Fabian Ruiz
66%
#20 ARG INTER Lautaro Martinez
66%
#15 SUE ARSENAL Viktor Gyökeres
64%
#12 GEO PSG Khvicha Kvaratskhelia
63%
#30 FRA BAYERN MUNICH Michael Olise
61%
#18 ECO NAPLES Scott McTominay
61%
#28 P-B LIVERPOOL Virgil van Dijk
56%
#21 GUI DORTMUND Serhou Guirassy
53%
#27 ANG ARSENAL Declan Rice
41%
#22 ARG LIVERPOOL Alexis Mac Allister
37%
#25 P-B INTER Denzel Dumfries
36%
#29 ALL LIVERPOOL Florian Wirtz
36%
Aucun quiz correspondant
Distribution des résultats
% des personnes avec chaque résultat
Percentile par nombre de réponses
Votre historique - résultats
Vous n’avez pas pris ce quiz